No se lo cuentes a los mayores : (Registro nro. 13337)

Detalles MARC
000 -LEADER
fixed length control field 00920nam a22002777a 4500
003 - CONTROL NUMBER IDENTIFIER
control field DO-SdBNP
005 - DATE AND TIME OF LATEST TRANSACTION
control field 20180226094027.0
008 - FIXED-LENGTH DATA ELEMENTS--GENERAL INFORMATION
fixed length control field 180226b 1998 sp a | 00| 0 spa d
020 ## - INTERNATIONAL STANDARD BOOK NUMBER
International Standard Book Number 8489384126
040 ## - CATALOGING SOURCE
Original cataloging agency BPMSU
Language of cataloging spa
Transcribing agency BPMSU
082 #4 - DEWEY DECIMAL CLASSIFICATION NUMBER
Classification number xxx
Item number xxxx
100 1# - MAIN ENTRY--PERSONAL NAME
Personal name Lurie, Alison
240 1# - UNIFORM TITLE
Uniform title <a href="Don´t tell the grown-ups /">Don´t tell the grown-ups /</a>
Language of a work spa.
245 13 - TITLE STATEMENT
Title No se lo cuentes a los mayores :
Remainder of title literatura infantil, espacio subversivo /
Statement of responsibility, etc. Alison Lurie ; traducción Elena Giménez Moreno
260 ## - PUBLICATION, DISTRIBUTION, ETC. (IMPRINT)
Place of publication, distribution, etc. Madrid :
Name of publisher, distributor, etc. Fundación Germán Sánchez Ruipérez,
Date of publication, distribution, etc. 1998.
300 ## - PHYSICAL DESCRIPTION
Extent 237 p. :
Other physical details il.
Dimensions 23 cm.
490 0# - SERIES STATEMENT
Series statement El árbol de la memoria
500 ## - GENERAL NOTE
General note Incluye índice analítico.
500 ## - GENERAL NOTE
General note Incluye notas.
504 ## - BIBLIOGRAPHY, ETC. NOTE
Bibliography, etc Bibliografía p: 223-230
700 1# - ADDED ENTRY--PERSONAL NAME
Personal name Giménez Moreno, Elena
Relator term trad.
830 #0 - SERIES ADDED ENTRY--UNIFORM TITLE
Uniform title El árbol de la memoria
942 ## - ADDED ENTRY ELEMENTS (KOHA)
Source of classification or shelving scheme Dewey Decimal Classification
Koha item type Libros
945 ## - LOCAL PROCESSING INFORMATION (OCLC)
a Inventariado, 2018/ YL
956 ## - LOCAL ELECTRONIC LOCATION AND ACCESS (OCLC)
Host name YLOCKWARD
Access number 10
Compression information BPMSU
Existencias
Withdrawn status Lost status Source of classification or shelving scheme Damaged status Not for loan Collection code Home library Current library Date acquired Source of acquisition Total Checkouts Full call number Barcode Date last seen Price effective from Koha item type
    Dewey Decimal Classification     Colección General Biblioteca Pública Metropolitana Salomé Ureña Biblioteca Pública Metropolitana Salomé Ureña 02/26/2018 Fundación Germán Sánchez Ruipérez   xxx xxxx BPMSU18020263 02/26/2018 02/26/2018 Libros